[Event "Manizales op 26th"]
[Site "Manizales"]
[Date "2017.01.07"]
[Round "6"]
[White "Jimenez, Jose Mauricio"]
[Black "Muelas Ceballos, Jhon Estiven"]
[Result "1/2-1/2"]
[WhiteElo "2297"]
[BlackElo "1864"]
[PlyCount "77"]
[EventDate "2017.01.04"]
[EventType "swiss"]
[EventRounds "9"]
[EventCountry "COL"]
[SourceTitle "CBM 176 Extra"]
[Source "ChessBase"]
[SourceDate "2017.03.02"]
[SourceVersion "1"]
[SourceVersionDate "2017.03.02"]
[SourceQuality "1"]

1. c4 Nf6 2. g3 g6 3. Bg2 Bg7 4. Nf3 0-0 5. 0-0 d6 6. h3 Nbd7 7. Nc3 a6 8. Rb1 Nb6 9. d3 Nfd7 10. Qc2 Ne5 11. Nxe5 Bxe5 12. Be3 c6 13. b4 d5 14. Bxb6 Qxb6 15. cxd5 Bd7 16. Na4 Qb5 17. dxc6 Rac8 18. Qc5 Bxc6 19. Bxc6 Rxc6 20. Qxb5 axb5 21. Nc5 Ra8 22. e3 b6 23. Nb3 Rxa2 24. d4 Bd6 25. d5 Rcc2 26. Nd4 Rd2 27. Kg2 Rab2 28. Rxb2 Rxb2 29. Nxb5 Bxb4 30. Kf3 Bc5 31. Nc3 Rd2 32. Rd1 Rc2 33. Ne4 Kg7 34. g4 h6 35. Rg1 Bd6 36. Nxd6 exd6 37. Rb1 Rc5 38. Ke4 b5 39. Rb4 1/2-1/2

[Event "COL-ch Superate fin-B"]
[Site "Bogota"]
[Date "2016.11.17"]
[Round "5.2"]
[White "Muelas Ceballos, Jhon Estiven"]
[Black "Acosta Cubides, Jorian Jared"]
[Result "0-1"]
[WhiteElo "1776"]
[BlackElo "1966"]
[PlyCount "148"]
[EventDate "2016.11.17"]
[EventType "swiss (rapid)"]
[EventRounds "5"]
[EventCountry "COL"]
[SourceTitle "EXT 2024"]
[Source "ChessBase"]
[SourceDate "2023.10.10"]
[SourceVersion "1"]
[SourceVersionDate "2023.10.10"]
[SourceQuality "1"]

1. d4 Nf6 2. c4 e6 3. Nf3 b6 4. Nc3 Bb4 5. Bd2 0-0 6. e3 Bb7 7. Bd3 d5 8. a3 Be7 9. 0-0 Nbd7 10. Rc1 Ne4 11. cxd5 exd5 12. Nb5 c6 13. Nc3 f5 14. Qb3 Kh8 15. g3 Bd6 16. Rfe1 Qe8 17. Bf1 Ndf6 18. Red1 g5 19. Bg2 g4 20. Ne1 Nxd2 21. Rxd2 Ne4 22. Rdc2 Qh5 23. Ne2 Rf6 24. Nd3 Ng5 25. Nef4 Qe8 26. Ne1 Rh6 27. Qd3 Ne4 28. h4 gxh3 29. Nxh3 Qe7 30. Nf4 Rg8 31. Nf3 Rf6 32. Nh5 Rf7 33. Nf4 Rfg7 34. Nh5 Rg6 35. Nf4 Bxf4 36. exf4 Nxg3 37. fxg3 Rxg3 38. Kf1 Qf6 39. Qe2 Rxg2 40. Qxg2 Rxg2 41. Kxg2 Qg6+ 42. Kf2 Qg4 43. Ke3 Qg7 44. Rh1 c5 45. Rch2 cxd4+ 46. Nxd4 Qg3+ 47. Ke2 Ba6+ 48. Kd1 Qd3+ 49. Ke1 Qxd4 50. Rxh7+ Kg8 51. R7h2 Qe4+ 52. Kd2 Qxf4+ 53. Kc2 Qe4+ 54. Kd2 Bb5 55. Rh8+ Kg7 56. R1h7+ Kf6 57. Rh6+ Ke5 58. Rh2 f4 59. R8h5+ Kd4 60. R5h3 Qb1 61. Rb3 Bc4 62. Rb4 Qd3+ 63. Kc1 Qf1+ 64. Kd2 f3 65. b3 f2 66. Rh4+ Kc5 67. bxc4 Qe1+ 68. Kc2 f1Q 69. Rb5+ Kc6 70. Rh6+ Kb7 71. Rh7+ Ka6 72. Rb4 Qf5+ 73. Kb3 Qd1+ 74. Kb2 Qfc2# 0-1

[Event "COL sub zt 2.3.4"]
[Site "La Dorada"]
[Date "2016.11.04"]
[Round "5"]
[White "Univio Sanchez, German"]
[Black "Muelas Ceballos, Jhon Estiven"]
[Result "0-1"]
[WhiteElo "2046"]
[BlackElo "1761"]
[PlyCount "70"]
[EventDate "2016.11.02"]
[EventType "swiss"]
[EventRounds "9"]
[EventCountry "COL"]
[SourceTitle "CBM 175 Extra"]
[Source "ChessBase"]
[SourceDate "2016.12.12"]
[SourceVersion "1"]
[SourceVersionDate "2016.12.12"]
[SourceQuality "1"]

1. e4 c5 2. d4 cxd4 3. Nf3 Nc6 4. Nxd4 Nf6 5. Nc3 e5 6. Ndb5 d6 7. Bg5 a6 8. Bxf6 gxf6 9. Na3 b5 10. Nd5 f5 11. Bd3 Be6 12. c4 Qa5+ 13. Kf1 Bxd5 14. exd5 Nd4 15. cxb5 axb5 16. Nc2 Nxc2 17. Qxc2 e4 18. Qc6+ Ke7 19. Bxb5 Ra7 20. Qc4 Rc7 21. Bc6 Bg7 22. b4 Qa3 23. Rb1 Ra8 24. b5 Qxa2 25. Qxa2 Rxa2 26. b6 Rc8 27. b7 Rb8 28. g3 Bd4 29. Kg2 Rxf2+ 30. Kh3 e3 31. Ba4 e2 32. Rhc1 Kf6 33. Bb5 Rxb7 34. Bxe2 Rxb1 35. Rxb1 Rxe2 0-1

[Event "COL sub zt 2.3.4"]
[Site "La Dorada"]
[Date "2016.11.03"]
[Round "3"]
[White "Cardona Marin, Fabio"]
[Black "Muelas Ceballos, Jhon Estiven"]
[Result "1/2-1/2"]
[WhiteElo "2030"]
[BlackElo "1761"]
[PlyCount "39"]
[EventDate "2016.11.02"]
[EventType "swiss"]
[EventRounds "9"]
[EventCountry "COL"]
[SourceTitle "CBM 175 Extra"]
[Source "ChessBase"]
[SourceDate "2016.12.12"]
[SourceVersion "1"]
[SourceVersionDate "2016.12.12"]
[SourceQuality "1"]

1. d4 Nf6 2. Nf3 g6 3. e3 Bg7 4. Bd3 d6 5. 0-0 0-0 6. Nbd2 Nbd7 7. Re1 e5 8. c3 Re8 9. e4 Nf8 10. d5 Nh5 11. Nf1 Nf4 12. Ng3 h5 13. Ne2 g5 14. g3 Nh3+ 15. Kg2 Ng6 16. Nfg1 Qf6 17. Rf1 Nxg1 18. Nxg1 h4 19. f3 hxg3 20. hxg3 1/2-1/2

[Event "COL-ch U18 sf3"]
[Site "Buenaventura"]
[Date "2016.06.11"]
[Round "4.1"]
[White "Muelas Ceballos, Jhon Estiven"]
[Black "Calero, Hector Andres"]
[Result "0-1"]
[WhiteElo "1751"]
[BlackElo "1845"]
[PlyCount "52"]
[EventDate "2016.06.09"]
[EventType "swiss"]
[EventRounds "5"]
[EventCountry "COL"]
[SourceTitle "EXT 2024"]
[Source "ChessBase"]
[SourceDate "2023.10.10"]
[SourceVersion "1"]
[SourceVersionDate "2023.10.10"]
[SourceQuality "1"]

1. d4 Nf6 2. Nf3 g6 3. g3 Bg7 4. Bg2 0-0 5. 0-0 d6 6. b3 c5 7. e3 Nc6 8. Bb2 Bf5 9. c3 Rc8 10. Nbd2 b5 11. d5 Nxd5 12. Rc1 Nf6 13. c4 Nb4 14. Ne1 Bd3 15. Nxd3 Nxd3 16. Rc2 Nxb2 17. Rxb2 Ne4 18. Rc2 Nc3 19. Qg4 f5 20. Qh3 e6 21. e4 d5 22. cxd5 exd5 23. exd5 Nxd5 24. Nf3 c4 25. bxc4 bxc4 26. Rd1 Nf4 0-1

[Event "COL-ch U18 sf3"]
[Site "Buenaventura"]
[Date "2016.06.11"]
[Round "3.1"]
[White "Oliveros, Camilo"]
[Black "Muelas Ceballos, Jhon Estiven"]
[Result "1/2-1/2"]
[WhiteElo "1990"]
[BlackElo "1751"]
[PlyCount "72"]
[EventDate "2016.06.09"]
[EventType "swiss"]
[EventRounds "5"]
[EventCountry "COL"]
[SourceTitle "EXT 2024"]
[Source "ChessBase"]
[SourceDate "2023.10.10"]
[SourceVersion "1"]
[SourceVersionDate "2023.10.10"]
[SourceQuality "1"]

1. d4 Nf6 2. c4 g6 3. Nc3 Bg7 4. e4 d6 5. Nf3 0-0 6. Be2 e5 7. dxe5 dxe5 8. Qxd8 Rxd8 9. Bg5 c6 10. Nxe5 Re8 11. 0-0-0 Na6 12. Nf3 Nc5 13. Nd2 Ng4 14. Bxg4 Bxg4 15. f3 Be6 16. Nb3 Nxb3+ 17. axb3 b5 18. Rd6 Rec8 19. f4 Bf8 20. Rd2 bxc4 21. bxc4 Bxc4 22. e5 Bb4 23. Rd4 Bxc3 24. Rxc4 Ba5 25. Kb1 c5 26. Rhc1 Bd2 27. R1c2 Be3 28. Be7 Rc6 29. g4 Rac8 30. Ra4 c4 31. f5 a6 32. h4 Bh6 33. Rc3 Bd2 34. Rca3 c3 35. bxc3 Bxc3 36. Rxa6 R6c7 1/2-1/2

[Event "COL-ch U2000"]
[Site "Medellin"]
[Date "2016.??.??"]
[Round "3.24"]
[White "Muelas Ceballos, Jhon Estiven"]
[Black "Aristizabal Lopez, Jorge Alberto"]
[Result "1/2-1/2"]
[WhiteElo "1751"]
[BlackElo "1892"]
[PlyCount "44"]
[EventDate "2016.02.29"]
[EventType "swiss"]
[EventRounds "9"]
[EventCountry "COL"]
[SourceTitle "EXT 2024"]
[Source "ChessBase"]
[SourceDate "2023.10.10"]
[SourceVersion "1"]
[SourceVersionDate "2023.10.10"]
[SourceQuality "1"]

1. d4 d5 2. Nf3 Nf6 3. e3 e6 4. Bd3 c5 5. b3 b6 6. 0-0 Ba6 7. c4 Nc6 8. Bb2 Be7 9. Nbd2 0-0 10. Ne5 Nxe5 11. dxe5 Ne8 12. f4 g6 13. Qe2 dxc4 14. Nxc4 Bxc4 15. Bxc4 Qc7 16. Rad1 Ng7 17. g4 Rad8 18. a4 Rxd1 19. Rxd1 Rd8 20. Rd3 h5 21. h3 Rxd3 22. Qxd3 Qd8 1/2-1/2

[Event "COL-ch Superate B"]
[Site "Colombia"]
[Date "2015.10.15"]
[Round "5.9"]
[White "Muelas Ceballos, Jhon Estiven"]
[Black "Basilio Santos, Eleazar"]
[Result "1-0"]
[WhiteElo "1770"]
[BlackElo "1573"]
[PlyCount "39"]
[EventDate "2015.10.15"]
[EventType "swiss (rapid)"]
[EventRounds "6"]
[EventCountry "COL"]
[SourceTitle "EXT 2024"]
[Source "ChessBase"]
[SourceDate "2023.10.10"]
[SourceVersion "1"]
[SourceVersionDate "2023.10.10"]
[SourceQuality "1"]

1. d4 d5 2. Nf3 c6 3. b3 Nf6 4. Bb2 e6 5. e3 Be7 6. Bd3 0-0 7. Nbd2 b6 8. 0-0 Na6 9. Ne5 Nb4 10. Be2 Qc7 11. a3 Na6 12. f4 c5 13. Bd3 Nd7 14. Rf3 Bf6 15. Bxh7+ Kh8 16. Rh3 g6 17. Bxg6+ Kg7 18. Qh5 Bxe5 19. dxe5 Rg8 20. Qh6# 1-0

[Event "COL-ch Superate B"]
[Site "Colombia"]
[Date "2015.10.14"]
[Round "12.8"]
[White "De la Asuncion Ortiz, Angel Mario"]
[Black "Muelas Ceballos, Jhon Estiven"]
[Result "1-0"]
[WhiteElo "1719"]
[BlackElo "1770"]
[PlyCount "97"]
[EventDate "2015.10.14"]
[EventType "swiss (blitz)"]
[EventRounds "12"]
[EventCountry "COL"]
[SourceTitle "EXT 2024"]
[Source "ChessBase"]
[SourceDate "2023.10.10"]
[SourceVersion "1"]
[SourceVersionDate "2023.10.10"]
[SourceQuality "1"]

1. d4 Nf6 2. c4 g6 3. Nc3 Bg7 4. e4 d6 5. f3 0-0 6. Bg5 Nbd7 7. Qd2 Re8 8. Nge2 c5 9. d5 a6 10. a4 Rb8 11. Ng3 Ne5 12. Be2 Bd7 13. 0-0 Bc8 14. f4 Ned7 15. f5 Ne5 16. fxg6 hxg6 17. Bh6 Bh8 18. Rab1 Nfd7 19. Bf4 Qa5 20. Rf2 Qb4 21. b3 Nxc4 22. Bxc4 Bxc3 23. Qe2 Bg7 24. Bd2 Qb6 25. a5 Qd8 26. Rbf1 Ne5 27. Bg5 Rf8 28. Bf4 Bd7 29. Bxe5 Bxe5 30. Kh1 b5 31. axb6 Rxb6 32. Bxa6 Rxb3 33. Bc4 Rb2 34. Qf3 Rxf2 35. Rxf2 Qa5 36. Rf1 Bb5 37. Bxb5 Qxb5 38. Ne2 c4 39. Nf4 c3 40. Nxg6 c2 41. Nxe7+ Kg7 42. Qg4+ Kh7 43. Qh5+ Kg7 44. Qg5+ Kh7 45. Qh5+ Kg7 46. Nf5+ Kg8 47. Qg5+ Kh7 48. Qh6+ Kg8 49. Ne7# 1-0

[Event "COL-ch Superate B"]
[Site "Colombia"]
[Date "2015.10.14"]
[Round "6.8"]
[White "Muelas Ceballos, Jhon Estiven"]
[Black "Basilio Santos, Eleazar"]
[Result "1-0"]
[WhiteElo "1770"]
[BlackElo "1573"]
[PlyCount "125"]
[EventDate "2015.10.14"]
[EventType "swiss (blitz)"]
[EventRounds "12"]
[EventCountry "COL"]
[SourceTitle "EXT 2024"]
[Source "ChessBase"]
[SourceDate "2023.10.10"]
[SourceVersion "1"]
[SourceVersionDate "2023.10.10"]
[SourceQuality "1"]

1. d4 d5 2. Nf3 Nc6 3. e3 b6 4. Bd3 Bb7 5. 0-0 Nf6 6. b3 e6 7. Bb2 Bb4 8. a3 Bd6 9. Nbd2 0-0 10. Ne5 Bxe5 11. dxe5 Nd7 12. f4 f6 13. exf6 Nxf6 14. Rf3 d4 15. Rh3 h6 16. exd4 Nxd4 17. Nc4 Qd5 18. Ne3 Qd7 19. Bxd4 Qxd4 20. Bh7+ Nxh7 21. Qxd4 Rad8 22. Qe5 c5 23. Qxe6+ Kh8 24. Rd1 Rde8 25. Qg4 Rxe3 26. Rxe3 Nf6 27. Qe2 Bc8 28. h3 Bf5 29. Rd6 Ne4 30. Rxe4 Bxe4 31. Qxe4 b5 32. Qe7 Rg8 33. Qxa7 c4 34. bxc4 bxc4 35. Rd7 c3 36. Qc7 h5 37. Qxc3 h4 38. Kf2 Kh7 39. Rxg7+ Rxg7 40. Qxg7+ Kxg7 41. a4 Kf7 42. Kf3 Ke6 43. Kg4 Kd5 44. Kxh4 Kc4 45. g4 Kb4 46. f5 Kxa4 47. Kg5 Kb4 48. f6 Kc3 49. Kg6 Kxc2 50. f7 Kd3 51. f8Q Kd4 52. Qf6+ Ke4 53. g5 Kd3 54. h4 Kc4 55. Kf7 Kd5 56. g6 Ke4 57. g7 Ke3 58. g8R Kd3 59. Rg4 Ke3 60. Qf4+ Ke2 61. Rg3 Kd1 62. Rg2 Ke1 63. Qc1# 1-0

[Event "COL-ch Superate B"]
[Site "Colombia"]
[Date "2015.10.14"]
[Round "7.7"]
[White "Muelas Ceballos, Jhon Estiven"]
[Black "Giraldo Aristizabal, Marlon"]
[Result "0-1"]
[WhiteElo "1770"]
[BlackElo "1625"]
[PlyCount "36"]
[EventDate "2015.10.14"]
[EventType "swiss (blitz)"]
[EventRounds "12"]
[EventCountry "COL"]
[SourceTitle "EXT 2024"]
[Source "ChessBase"]
[SourceDate "2023.10.10"]
[SourceVersion "1"]
[SourceVersionDate "2023.10.10"]
[SourceQuality "1"]

1. d4 Nf6 2. Nf3 g6 3. e3 Bg7 4. Bd3 d6 5. c4 0-0 6. Nc3 a6 7. 0-0 Re8 8. a3 e5 9. e4 exd4 10. Nxd4 Nbd7 11. f3 Nc5 12. Bc2 a5 13. Be3 Be6 14. Nd5 Bxd5 15. cxd5 Nxd5 16. Rc1 Nxe3 17. Qe2 Nxf1 18. Rxf1 Bxd4+ 0-1

[Event "Cali Region IRT U16"]
[Site "Cali"]
[Date "2015.03.08"]
[Round "5.3"]
[White "Muelas Ceballos, Jhon Estiven"]
[Black "Amado, Jhon Esteban"]
[Result "1/2-1/2"]
[WhiteElo "1587"]
[BlackElo "1877"]
[PlyCount "42"]
[EventDate "2015.03.06"]
[EventType "swiss"]
[EventRounds "6"]
[EventCountry "COL"]
[SourceTitle "EXT 2024"]
[Source "ChessBase"]
[SourceDate "2023.10.10"]
[SourceVersion "1"]
[SourceVersionDate "2023.10.10"]
[SourceQuality "1"]

1. c4 d5 2. cxd5 Qxd5 3. Nc3 Qd8 4. g3 Nf6 5. Bg2 c6 6. Nf3 g6 7. 0-0 Bg7 8. Re1 0-0 9. d4 Bg4 10. Ne5 Nbd7 11. Nxg4 Nxg4 12. f3 Ngf6 13. e4 Nb6 14. b3 Qd7 15. Bb2 Rfd8 16. Ne2 Rac8 17. Qc2 Qc7 18. Rac1 Bh6 19. Red1 Qd7 20. Rb1 Qc7 21. Bc1 Bg7 1/2-1/2

[Event "Cali Region IRT U16"]
[Site "Cali"]
[Date "2015.03.07"]
[Round "3.3"]
[White "Rodriguez Gutierrez, Anderson F"]
[Black "Muelas Ceballos, Jhon Estiven"]
[Result "0-1"]
[WhiteElo "1698"]
[BlackElo "1587"]
[PlyCount "56"]
[EventDate "2015.03.06"]
[EventType "swiss"]
[EventRounds "6"]
[EventCountry "COL"]
[SourceTitle "EXT 2024"]
[Source "ChessBase"]
[SourceDate "2023.10.10"]
[SourceVersion "1"]
[SourceVersionDate "2023.10.10"]
[SourceQuality "1"]

1. e4 c5 2. Nf3 Nc6 3. Nc3 g6 4. d4 cxd4 5. Nxd4 Bg7 6. Be3 e6 7. Bc4 Nge7 8. Ndb5 0-0 9. Nd6 a6 10. Bb3 b5 11. Rb1 Na5 12. 0-0 Nec6 13. Bc5 Nxb3 14. axb3 Ne7 15. Qf3 a5 16. Qe3 Ba6 17. Rfd1 b4 18. Na4 f5 19. Nb6 Rb8 20. Ndc4 Bb5 21. Nxa5 fxe4 22. Qxe4 Rxb6 23. Bxb6 Qxb6 24. Qxb4 Qxf2+ 25. Kh1 Be2 26. Rg1 Nf5 27. Qe1 Ng3+ 28. hxg3 Rf5 0-1

[Event "Cali Region IRT U16"]
[Site "Cali"]
[Date "2015.03.06"]
[Round "2.4"]
[White "Muelas Ceballos, Jhon Estiven"]
[Black "Zuleta, Juan Carlos"]
[Result "1/2-1/2"]
[WhiteElo "1587"]
[BlackElo "1867"]
[PlyCount "85"]
[EventDate "2015.03.06"]
[EventType "swiss"]
[EventRounds "6"]
[EventCountry "COL"]
[SourceTitle "EXT 2024"]
[Source "ChessBase"]
[SourceDate "2023.10.10"]
[SourceVersion "1"]
[SourceVersionDate "2023.10.10"]
[SourceQuality "1"]

1. c4 d6 2. Nc3 Nf6 3. g3 g6 4. Bg2 Bg7 5. e3 0-0 6. Nge2 c6 7. 0-0 e5 8. b3 Bd7 9. Bb2 Na6 10. d4 exd4 11. Nxd4 Re8 12. Qd2 Qc8 13. Nde2 Bg4 14. Rfe1 Rd8 15. f3 Bh3 16. Bxh3 Qxh3 17. Nf4 Qd7 18. e4 Nc7 19. Rad1 Ne6 20. Ba3 Nxf4 21. Qxf4 Ne8 22. Qe3 Qc7 23. Kg2 a6 24. Re2 b5 25. cxb5 axb5 26. Bb2 b4 27. Na4 Bxb2 28. Rxb2 c5 29. Rc2 Ra5 30. e5 d5 31. Rxc5 Rxc5 32. Qxc5 Qxe5 33. Kf2 Nf6 34. Qd4 Qf5 35. Kg2 Re8 36. Rd2 Re1 37. Nc5 Ne4 38. Nxe4 dxe4 39. Kf2 e3+ 40. Kxe1 exd2+ 41. Qxd2 Qxf3 42. Qd8+ Kg7 43. Qd4+ 1/2-1/2